Statistics for Easy general knowledge

Click here to take the quiz!

General Stats

  • This quiz has been taken 133 times
  • The average score is 6 of 15

Answer Stats

ClueAnswer% Correct
Where is Big Ben located in?London
82%
What colour is mixed with red to make purple?Blue
81%
What is the biggest country in North America?Canada
66%
What country is the car company Honda from?Japan
62%
What country had the largest empire ever?Britain
56%
What is the capital of Canada?Ottawa
52%
What chocolate company makes Snickers?Mars
39%
What is the biggest island nation in the world?Australia
35%
What is the most common name in the world?Mohammad
33%
What is the most famous phone as of 2017Apple
27%
Who won wwii for the Allies?USSR
12%
What city was Walkers founded in?Leicester
11%
What chocolate type is the healthiest?White chocolate
7%
What football club is the oldest?Notts county
4%
What is Napoleon Bonaparte best known for?Being small
1%

Score Distribution

Percentile by Number Answered

Percent of People with Each Score

Your Score History

You have not taken this quiz